00289nam a2200085Ia 4500008004100000041000800041100001800049245008700067260004900154241105s9999 xx 000 0 und d aeng aPaatil Deepti aEnvironment Management Plan For Atishaya Kshetra Stavanidhi At Tavandi , Karnataka bBNCA M arch Digital ArchitectureaPunec2023